Từ văn hoá dân gian làng Quỳnh Khôi mở rộng ra văn hóa dân gian vùng đồng chiêm trũng : (Trước cách mạng tháng 8 năm 1945)
Nội dung sách giới thiệu khái quát về vị trí địa lý, đặc điểm kinh tế và một số dòng họ lớn trong làng Quỳnh Khôi, xã Khánh Thành, huyện Yên Thành, tỉnh Nghệ An; văn hoá, văn học dân gian làng Quỳnh Khôi và một số làng trong vùng; văn hoá d...
محفوظ في:
| المؤلف الرئيسي: | |
|---|---|
| التنسيق: | كتاب |
| اللغة: | Undetermined |
| منشور في: |
Hà Nội
Hội nhà văn
2019
|
| الموضوعات: | |
| الوسوم: |
إضافة وسم
لا توجد وسوم, كن أول من يضع وسما على هذه التسجيلة!
|
| Thư viện lưu trữ: | Trung tâm Học liệu Trường Đại học Cần Thơ |
|---|
| LEADER | 01158nam a2200217Ia 4500 | ||
|---|---|---|---|
| 001 | CTU_236671 | ||
| 008 | 210402s9999 xx 000 0 und d | ||
| 082 | |a 390.09597 | ||
| 082 | |b C121 | ||
| 100 | |a Nguyễn, Tâm Cẩn | ||
| 245 | 0 | |a Từ văn hoá dân gian làng Quỳnh Khôi mở rộng ra văn hóa dân gian vùng đồng chiêm trũng : | |
| 245 | 0 | |b (Trước cách mạng tháng 8 năm 1945) | |
| 245 | 0 | |c Nguyễn Tâm Cẩn, Phan Bá Hàm | |
| 260 | |a Hà Nội | ||
| 260 | |b Hội nhà văn | ||
| 260 | |c 2019 | ||
| 520 | |a Nội dung sách giới thiệu khái quát về vị trí địa lý, đặc điểm kinh tế và một số dòng họ lớn trong làng Quỳnh Khôi, xã Khánh Thành, huyện Yên Thành, tỉnh Nghệ An; văn hoá, văn học dân gian làng Quỳnh Khôi và một số làng trong vùng; văn hoá dân gian vùng đồng chiêm trũng. | ||
| 650 | |a Văn hoá dân gian,Folkore | ||
| 650 | |z Việt Nam,Vietnam | ||
| 910 | |b dqhieu | ||
| 980 | |a Trung tâm Học liệu Trường Đại học Cần Thơ | ||